000 05463pam a2201381 a 4500
020 _a0470234342 (Wiley)
082 0 0 _a621.3
_bHUG
_cN-01, P-51
100 1 _aHughes, Edward,
_940966
245 1 0 _aHughes electrical technology /
_cEdward Hughes.
250 _a7th ed. /
260 _aHarlow [England] :
_bLongman Scientific & Technical ;
_aNew York, NY :
_bWiley,
_c1995.
300 _axi, 803 p. :
_bill. (some col.) ;
_c25 cm.
500 _aIncludes index.
526 _a0
_b0
_c0
_d621_300000000000000_HUG
526 _a0
_b0
_c0
_d621_300000000000000_HUG
526 _a0
_b0
_c0
_d621_300000000000000_HUG
526 _a0
_b0
_c0
_d621_300000000000000_HUG
526 _a0
_b0
_c0
_d621_300000000000000_HUG
526 _a0
_b0
_c0
_d621_300000000000000_HUG
526 _a0
_b0
_c0
_d621_300000000000000_HUG
526 _a0
_b0
_c0
_d621_300000000000000_HUG
526 _a0
_b0
_c0
_d621_300000000000000_HUG
526 _a0
_b0
_c0
_d621_300000000000000_HUG
526 _a0
_b0
_c0
_d621_300000000000000_HUG
526 _a0
_b0
_c0
_d621_300000000000000_HUG
526 _a0
_b0
_c0
_d621_300000000000000_HUG
526 _a0
_b0
_c0
_d621_300000000000000_HUG
526 _a0
_b0
_c0
_d621_300000000000000_HUG
526 _a0
_b0
_c0
_d621_300000000000000_HUG
526 _a0
_b0
_c0
_d621_300000000000000_HUG
526 _a0
_b0
_c0
_d621_300000000000000_HUG
526 _a0
_b0
_c0
_d621_300000000000000_HUG
526 _a0
_b0
_c0
_d621_300000000000000_HUG
526 _a0
_b0
_c0
_d621_300000000000000_HUG
526 _a0
_b0
_c0
_d621_300000000000000_HUG
526 _a0
_b0
_c0
_d621_300000000000000_HUG
526 _a0
_b0
_c0
_d621_300000000000000_HUG
526 _a0
_b0
_c0
_d621_300000000000000_HUG
526 _a0
_b0
_c0
_d621_300000000000000_HUG
526 _a0
_b0
_c0
_d621_300000000000000_HUG
526 _a0
_b0
_c0
_d621_300000000000000_HUG
526 _a0
_b0
_c0
_d621_300000000000000_HUG
526 _a0
_b0
_c0
_d621_300000000000000_HUG
526 _a0
_b0
_c0
_d621_300000000000000_HUG
526 _a0
_b0
_c0
_d621_300000000000000_HUG
526 _a0
_b0
_c0
_d621_300000000000000_HUG
526 _a0
_b0
_c0
_d621_300000000000000_HUG
526 _a0
_b0
_c0
_d621_300000000000000_HUG
526 _a0
_b0
_c0
_d621_300000000000000_HUG
526 _a0
_b0
_c0
_d621_300000000000000_HUG
526 _a0
_b0
_c0
_d621_300000000000000_HUG
526 _a0
_b0
_c0
_d621_300000000000000_HUG
526 _a0
_b0
_c0
_d621_300000000000000_HUG
526 _a0
_b0
_c0
_d621_300000000000000_HUG
526 _a0
_b0
_c0
_d621_300000000000000_HUG
526 _a0
_b0
_c0
_d621_300000000000000_HUG
526 _a0
_b0
_c0
_d621_300000000000000_HUG
526 _a0
_b0
_c0
_d621_300000000000000_HUG
526 _a0
_b0
_c0
_d621_300000000000000_HUG
526 _a0
_b0
_c0
_d621_300000000000000_HUG
526 _a0
_b0
_c0
_d621_300000000000000_HUG
526 _a0
_b0
_c0
_d621_300000000000000_HUG
526 _a0
_b0
_c0
_d621_300000000000000_HUG
526 _a0
_b0
_c0
_d621_300000000000000_HUG
526 _a0
_b0
_c0
_d621_300000000000000_HUG
526 _a0
_b0
_c0
_d621_300000000000000_HUG
526 _a0
_b0
_c0
_d621_300000000000000_HUG
526 _a0
_b0
_c0
_d621_300000000000000_HUG
526 _a0
_b0
_c0
_d621_300000000000000_HUG
526 _a0
_b0
_c0
_d621_300000000000000_HUG
526 _a0
_b0
_c0
_d621_300000000000000_HUG
526 _a0
_b0
_c0
_d621_300000000000000_HUG
526 _a0
_b0
_c0
_d621_300000000000000_HUG
526 _a0
_b0
_c0
_d621_300000000000000_HUG
526 _a0
_b0
_c0
_d621_300000000000000_HUG
526 _a0
_b0
_c0
_d621_300000000000000_HUG
526 _a0
_b0
_c0
_d621_300000000000000_HUG
526 _a0
_b0
_c0
_d621_300000000000000_HUG
526 _a0
_b0
_c0
_d621_300000000000000_HUG
526 _a0
_b0
_c0
_d621_300000000000000_HUG
526 _a0
_b0
_c0
_d621_300000000000000_HUG
526 _a0
_b0
_c0
_d621_300000000000000_HUG
526 _a0
_b0
_c0
_d621_300000000000000_HUG
526 _a0
_b0
_c0
_d621_300000000000000_HUG
526 _a0
_b0
_c0
_d621_300000000000000_HUG
526 _a0
_b0
_c0
_d621_300000000000000_HUG
526 _a0
_b0
_c0
_d621_300000000000000_HUG
526 _a0
_b0
_c0
_d621_300000000000000_HUG
526 _a0
_b0
_c0
_d621_300000000000000_HUG
526 _a0
_b0
_c0
_d621_300000000000000_HUG
526 _a0
_b0
_c0
_d621_300000000000000_HUG
526 _a0
_b0
_c0
_d621_300000000000000_HUG
526 _a0
_b0
_c0
_d621_300000000000000_HUG
526 _a0
_b0
_c0
_d621_300000000000000_HUG
526 _a0
_b0
_c0
_d621_300000000000000_HUG
526 _a0
_b0
_c0
_d621_300000000000000_HUG
526 _a0
_b0
_c0
_d621_300000000000000_HUG
526 _a0
_b0
_c0
_d621_300000000000000_HUG
526 _a0
_b0
_c0
_d621_300000000000000_HUG
526 _a0
_b0
_c0
_d621_300000000000000_HUG
526 _a0
_b0
_c0
_d621_300000000000000_HUG
526 _a0
_b0
_c0
_d621_300000000000000_HUG
526 _a0
_b0
_c0
_d621_300000000000000_HUG
526 _a0
_b0
_c0
_d621_300000000000000_HUG
526 _a0
_b0
_c0
_d621_300000000000000_HUG
526 _a0
_b0
_c0
_d621_300000000000000_HUG
526 _a0
_b0
_c0
_d621_300000000000000_HUG
526 _a0
_b0
_c0
_d621_300000000000000_HUG
526 _a0
_b0
_c0
_d621_300000000000000_HUG
526 _a0
_b0
_c0
_d621_300000000000000_HUG
526 _a0
_b0
_c0
_d621_300000000000000_HUG
526 _a0
_b0
_c0
_d621_300000000000000_HUG
650 0 _aElectrical engineering.
650 0 _aElectronics.
650 0 _aNUST
_96342
700 1 _aSmith, Ian McKenzie.
_950755
942 _2ddc
_cBK
999 _c553512
_d553512